Com ha de ser el verd urbà?
Descripción Física:
1 tríptic : il·lustracions color ; 21 x 10 cm
Idioma:
Catalán
MARC
| LEADER | 00000nam a22000007a 4500 | ||
|---|---|---|---|
| 001 | 28832 | ||
| 003 | AGDB | ||
| 005 | 20260324181530.0 | ||
| 008 | 250507b spa||||| |||| 00| 0 cat d | ||
| 017 | |a B 19836-2024 | ||
| 040 | |a agdb |b cat | ||
| 245 | |a Com ha de ser el verd urbà? | ||
| 260 | |a Barcelona : |b Diputació de Barcelona ; |c 2024 | ||
| 300 | |a 1 tríptic : |b il·lustracions color ; |c 21 x 10 cm | ||
| 650 | 0 | |a Zones verdes |9 52259 | |
| 650 | 0 | |a Urbanisme--Aspectes ambientals |9 41515 | |
| 655 | 0 | |a Fulletons |9 55858 | |
| 710 | |a Barcelona (Catalunya : Província). |b Servei d'Equipaments i Espai Públic |9 53769 | ||
| 710 | |a Barcelona (Catalunya : Província). |b Àrea d'Infraestructures i Territori |9 72031 | ||
| 856 | 4 | 0 | |u https://www.diba.cat/documents/d/verd-urba/fulleto-verd-urba_r1_print |y Accés lliure (Portal del Servei d’Equipaments i Espai Públic) |
| 942 | |2 udc |c ARXIU |n 1 | ||
| 952 | |0 0 |1 0 |4 0 |6 FU7851 |7 1 |9 98035 |a Arxiu |b Arxiu |d 2025-05-07 |l 0 |o FU-78-51 |p 28832 |r 2025-05-07 00:00:00 |w 2025-05-07 |y ARXIU | ||
| 999 | |c 129822 |d 129822 | ||